W którym województwie jest to miasto? #1 - Statystyki

Ogólne statystyki
  • Ten quiz został rozwiązany 87 razy
  • Średni wynik to 9 z 12
Statystyki odpowiedzi
Miasto Województwo % Poprawnych
Wejherowo Pomorskie
93%
Stargard Zachodnio-Pomorskie
86%
Tarnowskie Góry Śląskie
84%
Bełchatów Łódzkie
83%
Pułtusk Mazowieckie
80%
Sanok Podkarpackie
80%
Skarżysko Kamienna Świętokrzyskie
80%
Jarocin Wielkopolskie
77%
Nysa Opolskie
75%
Świdnik Lubelskie
73%
Rypin Kujawsko-Pomorskie
64%
Bartoszyce Warmińsko-Mazurskie
63%
Nie znaleziono quizów pasujących do podanych kryteriów
Rozkład punktacji
Procent ludzi z każdym wynikiem
Percentyl według liczby udzielonych odpowiedzi
Twoja historia wyników
Nie rozwiązałeś tego quizu